WAR CRY (Record no. 29613)

MARC details
000 -LEADER
fixed length control field 00316nam a2200133Ia 4500
008 - FIXED-LENGTH DATA ELEMENTS--GENERAL INFORMATION
fixed length control field 240624s9999 xx 000 0 und d
041 ## - LANGUAGE CODE
Language code of text/sound track or separate title eng
082 ## - DEWEY DECIMAL CLASSIFICATION NUMBER
Classification number 823 SMI
100 ## - MAIN ENTRY--PERSONAL NAME
Personal name SMITH WILBUR
245 ## - TITLE STATEMENT
Title WAR CRY
260 ## - PUBLICATION, DISTRIBUTION, ETC.
Date of publication, distribution, etc. 2017
Place of publication, distribution, etc. New Delhi
Name of publisher, distributor, etc. Harper Collins India
300 ## - PHYSICAL DESCRIPTION
Extent 506 p.; 21 cm.
365 ## - TRADE PRICE
Currency code RS
Price amount 27.5
Holdings
Withdrawn status Lost status Damaged status Not for loan Home library Current library Shelving location Date acquired Cost, normal purchase price Full call number Barcode Date last seen Copy number Price effective from Koha item type
        IMTN IMTN Rack 41-A 11/16/2017 399.00 823 SMI 29613 06/24/2024 1 06/24/2024 Books
Designed & Maintained by: LRC IMT Nagpur Contact: lrc@imtnag.ac.in© 2024. All Rights Reserved.